Séminaire Schwartz, 2e année, 1954/1955. Équations aux dérivées partielles.
Guardado en:
| Formato: | Libro |
|---|---|
| Idioma: | French |
| Publicado: |
Paris :
Secrétariat mathématique,
1955.
|
| Etiquetas: |
Agregar Etiqueta
Sin Etiquetas, Sea el primero en etiquetar este registro!
|
| LEADER | 00407nam a22001215a 4500 | ||
|---|---|---|---|
| 001 | MAT.inmabb000616 | ||
| 008 | 031118s1955####fr############001#0#fre#d | ||
| 005 | 20170801172242.0 | ||
| 245 | 1 | 0 | |a Séminaire Schwartz, 2e année, 1954/1955. Équations aux dérivées partielles. |
| 260 | |a Paris : |b Secrétariat mathématique, |c 1955. | ||
| 510 | 4 | |a MR, |c 19,279e | |
| 084 | |a 35-XX |2 msc2000 | ||
| 859 | |h 35 |i Se471s-2 |p A-416 |b BIB. MATEMATICA | ||
